000 00787nam a2200181Ia 4500
008 100921s9999 xx 000 0 und d
082 _b34555
_a808.068 न 01
100 _aदेसाई सी.ग.
245 _aगोष्टीरूप अष्टविनायक दर्शन.
260 _bमनोरमा प्रकाशन,मुंबई.
_c2001
300 _a80
_bशांती पब्लिकेशन,पुणे
365 _b40
520 _aललित-बालवाङ्रमय.
630 _aगोष्टीरूप अष्टविनायक दर्शन.
650 _aललित-बालवाङ्रमय.
730 _aगोष्टीरूप अष्टविनायक दर्शन.
942 _cBOOK
999 _c783668
_d783665